| 000 | 01274aam a2200337 i 4500 | ||
|---|---|---|---|
| 999 |
_c68076 _d68076 |
||
| 003 | Mx-PuUPA | ||
| 005 | 20220302080812.0 | ||
| 008 | 190401s2017 xxka||||r|||| 00| 0 eng d | ||
| 020 | _a9781785780820 | ||
| 040 |
_aMx-PuUPA _bspa _cMx-PuUPA _dMx-PuUPA _erda |
||
| 041 | 0 | _aeng | |
| 100 | 1 |
_aPastine, Ivan, _99082 _eautor |
|
| 245 | 1 | 0 |
_aIntroducing game theory / _cIvan Pastine, Tuvana Pastine & Tom Humberstone |
| 246 | 3 | 4 |
_aIntroducing game theory : _ba graphic guide |
| 264 | 1 |
_aLondon : _bIcon Books, _c2017 |
|
| 300 |
_a175 páginas : _bilustraciones ; _c17 cm. |
||
| 336 |
_2rdacontent _atexto _btxt |
||
| 337 |
_2rdamedia _asin medio _bn |
||
| 338 |
_2rdacarrier _avolumen _bnc |
||
| 650 | 4 | _aToma de decisiones | |
| 650 | 4 |
_aAdministración _xToma de decisiones |
|
| 650 | 4 |
_aNegocios _xToma de decisiones |
|
| 650 | 4 |
_aCiencias políticas _xToma de decisiones |
|
| 700 | 1 |
_aPastine, Tuvana, _eautor |
|
| 700 | 1 |
_aHumberstone, Tom, _eautor |
|
| 942 |
_2ddc _cLI _h658.4036 _iP277 |
||